LEADER 01013nam0-2200313---450- 001 990008298020403321 005 20060412094943.0 035 $a000829802 035 $aFED01000829802 035 $a(Aleph)000829802FED01 035 $a000829802 100 $a20060320d1972----km-y0itay50------ba 101 1 $aeng 102 $aGB 105 $aa-------001yy 200 1 $a<>comprehensive selection of trees suitable for general cultivation in Britain$ftext by Brenda Colvin$gillustrated with sixty full-page photographs and line drawings by S. R. Badmin 205 $a4th ed. 210 $aLondon$cLund Humphries$dc1972 215 $a60 p.$cill.$d28 cm 610 0 $aAlberi 700 1$aColvin,$bBrenda$035015 701 1$aBadmin,$bS. R.$0500039 801 0$aIT$bUNINA$gRICA$2UNIMARC 901 $aBK 912 $a990008298020403321 952 $a312004$b1926$fDCATA 959 $aDCATA 996 $aComprehensive selection of trees suitable for general cultivation in Britain$9746427 997 $aUNINA LEADER 01445nam a22002891i 4500 001 991000392939707536 005 20030228205601.0 008 021005s1990 fr |||||||||||||||||fre 020 $a2853992225 035 $ab11998477-39ule_inst 035 $aARCHE-008827$9ExL 040 $aDip.to Filologia Ling. e Lett.$bita$cA.t.i. Arché s.c.r.l. Pandora Sicilia s.r.l. 082 04$a860.9002 245 00$aEcrire à la fin du Moyen-Age :$ble pouvoir et l'écriture en Espagne et en Italie (1450-1530) : colloque international France-Espagne-Italie : Aix en Provence, 20-21-22 octobre 1988 /$c[organizzato da] Centre aixois de recherches hispaniques, Centre aixois de recherches italiennes 260 $aAix en Provence :$bUniversité de Provence,$c1990 300 $aVIII, 330 p. ;$c21 cm 490 0$aÉtudes hispano-italiennes 650 4$aLetteratura drammatica$xSpagna$x1450-1530 650 4$aLetteratura drammatica$xItalia$x1450-1530 710 2 $aCentre aixois de recherches hispaniques$eauthor$4http://id.loc.gov/vocabulary/relators/aut$0736848 710 2 $aCentre aixois de recherches italiennes 907 $a.b11998477$b28-04-17$c01-04-03 912 $a991000392939707536 945 $aLE008 FL.M. (f.r.) XXII B 263$g1$i2008000513450$lle008$o-$pE0.00$q-$rl$s- $t0$u0$v0$w0$x0$y.i12283228$z01-04-03 996 $aEcrire à la fin du Moyen-Age$91457570 997 $aUNISALENTO 998 $ale008$b01-04-03$cm$da $e-$ffre$gfr $h0$i1 LEADER 02787nam 2200709Ia 450 001 996215398703316 005 20230912162453.0 010 $a1-118-15527-0 010 $a1-281-00131-7 010 $a9786611001315 010 $a1-118-15451-7 010 $a1-932973-25-7 035 $a(CKB)1000000000024020 035 $a(EBL)818843 035 $a(OCoLC)794327474 035 $a(SSID)ssj0000079384 035 $a(PQKBManifestationID)11107539 035 $a(PQKBTitleCode)TC0000079384 035 $a(PQKBWorkID)10067587 035 $a(PQKB)11629433 035 $a(Au-PeEL)EBL3007551 035 $a(CaPaEBR)ebr10185363 035 $a(CaONFJC)MIL100131 035 $a(OCoLC)468771394 035 $a(Au-PeEL)EBL818843 035 $a(CaSebORM)1882197836 035 $a(MiAaPQ)EBC3007551 035 $a(MiAaPQ)EBC818843 035 $a(EXLCZ)991000000000024020 100 $a20040902d2004 uy 0 101 0 $aeng 135 $aur|n|---||||| 181 $ctxt 182 $cc 183 $acr 200 10$aDeveloping your intuition$b[electronic resource] $ea guide to reflective practice /$fTalula Cartwright ; editor, Peter Scisco 205 $a1st edition 210 $aGreensboro, N.C. $cCenter for Creative Leadership$dc2004 215 $a1 online resource (31 p.) 225 1 $aCCL No. 425 225 1 $aIdeas into action guidebooks 300 $aDescription based upon print version of record. 311 $a1-882197-83-6 320 $aIncludes bibliographical references. 327 $aTitle Page; Table of Contents; Intuition and Reflection; Bringing It All Together; Tools for Reflective Practice; The Journal; Imaging; Dreams; Analysis; Emotions; From Reflection to Action; Suggested Readings; Background; Key Point Summary; Lead Contributor 330 $aLeaders often have to make decisions without complete information, and those decisions are expected to be not only right but also timely. Using reflective techniques can help you learn to depend on your intuition for help in making good decisions quickly. Reflective practices may seem time-consuming at the beginning, but the time you put in on the front end is well worth the investment. It will pay you back both in time and in the quality of the decisions you make. 410 0$aIdeas into action guidebooks. 410 0$aReport (Center for Creative Leadership) ;$vno. 425. 606 $aInsight 606 $aIntuition 615 0$aInsight. 615 0$aIntuition. 676 $a153.4/4 700 $aCartwright$b Talula$0996772 702 $aScisco$b Peter$4edt 801 0$bMiAaPQ 801 1$bMiAaPQ 801 2$bMiAaPQ 906 $aBOOK 912 $a996215398703316 996 $aDeveloping your intuition$92453936 997 $aUNISA LEADER 03475oas 2201489 a 450 001 9910143924003321 005 20251120164913.0 011 $a1755-053X 024 8 $apq18733 024 8 $aeb707771 035 $a(DE-599)ZDB2254144-5 035 $a(OCoLC)61312798 035 $a(CONSER) 2007235411 035 $a(CKB)954921363511 035 $a(EXLCZ)99954921363511 100 $a20050822a19729999 uy a 101 0 $aeng 135 $aurmn||||||||| 181 $ctxt$2rdacontent 182 $cc$2rdamedia 183 $acr$2rdacarrier 200 10$aFinancial management 210 $aAtlanta, Ga. $cFinancial Management Association$d1972- 210 3 $a[Hoboken, NJ] $cJohn Wiley & Sons Ltd 300 $aRefereed/Peer-reviewed 300 $aImprint varies. 311 08$a0046-3892 517 1 $aFM 606 $aCorporations$xFinance$vPeriodicals 606 $aFinancial Management$vPeriodicals 606 $aFinancial Management 606 $aSocie?te?s$3(CaQQLa)201-0004865$xFinances$3(CaQQLa)201-0004865$vPeriod 606 $aCorporations$xFinance$2fast$3(OCoLC)fst00879841 606 $aFinancieel management$2gtt 606 $aBetriebliche Finanzwirtschaft$2stw 606 $aFinanzmarkt$2stw 606 $aTheorie$2stw 606 $aUSA$2stw 608 $aPeriodical. 608 $aperiodicals.$2aat 608 $aPeriodicals.$2fast 608 $aPeriodicals.$2lcgft 608 $aPe?riodiques.$2rvmgf 615 0$aCorporations$xFinance 615 2$aFinancial Management 615 2$aFinancial Management. 615 6$aSocie?te?s$xFinances 615 7$aCorporations$xFinance. 615 17$aFinancieel management. 615 7$aBetriebliche Finanzwirtschaft. 615 7$aFinanzmarkt. 615 7$aTheorie. 615 7$aUSA. 676 $a658.1/5/08 712 02$aFinancial Management Association, 712 02$aFinancial Management Association International, 801 0$bOCLCS 801 1$bOCLCS 801 2$bOCLCS 801 2$bEYM 801 2$bHUL 801 2$bNSD 801 2$bSILAS 801 2$bGAO 801 2$bOCLCS 801 2$bGUA 801 2$bOCLCQ 801 2$bGWDNB 801 2$bUKMGB 801 2$bOCLCO 801 2$bOCLCQ 801 2$bOCLCF 801 2$bOCLCO 801 2$bVT2 801 2$bOCLCQ 801 2$bDEBBG 801 2$bCUD 801 2$bAU@ 801 2$bOCLCQ 801 2$bPIFAG 801 2$bOCLCQ 801 2$bOCLCO 801 2$bNLE 801 2$bOCLCA 801 2$bU3W 801 2$bOCLCO 801 2$bOCLCQ 801 2$bDHU 801 2$bGILDS 801 2$bOCLCO 801 2$bMOW 801 2$bUUM 801 2$bOCLCO 801 2$bWYU 801 2$bOCLCO 801 2$bOCLCQ 801 2$bOCLCO 801 2$bNJT 801 2$bCEF 801 2$bOCLCO 801 2$bSFB 801 2$bOCLCA 801 2$bUBY 801 2$bOCLCO 801 2$bQGK 801 2$bOCLCQ 801 2$bIOY 801 2$bS2H 801 2$bUKUAL 801 2$bNTG 801 2$bJ9U 801 2$bAZU 801 2$bZ5A 801 2$bCCO 801 2$bUX1 801 2$bUAB 801 2$bFIE 801 2$bWT2 801 2$bEZN 801 2$bUKBOL 801 2$bBWN 801 2$bOCLCL 801 2$bOCLCQ 906 $aJOURNAL 912 $a9910143924003321 996 $aFinancial Management$9424135 997 $aUNINA